| 000 -LEADER |
| fixed length control field |
01751cam a2200373 a 4500 |
| 001 - CONTROL NUMBER |
| control field |
14289536 |
| 005 - DATE AND TIME OF LATEST TRANSACTION |
| control field |
20170105102847.0 |
| 008 - FIXED-LENGTH DATA ELEMENTS--GENERAL INFORMATION |
| fixed length control field |
060307s2005 ii b 101 0 eng |
| 010 ## - LIBRARY OF CONGRESS CONTROL NUMBER |
| LC control number |
2006346174 |
| 020 ## - INTERNATIONAL STANDARD BOOK NUMBER |
| International Standard Book Number |
8186019529 |
| 025 ## - OVERSEAS ACQUISITION NUMBER |
| Overseas acquisition number |
I-E-2006-346174; 63-01; 63-91 |
| 037 ## - SOURCE OF ACQUISITION |
| Source of stock number/acquisition |
Library of Congress -- New Delhi Overseas Office |
| Terms of availability |
Rs1350.00 ($50.00 U.S.) |
| 040 ## - CATALOGING SOURCE |
| Original cataloging agency |
DLC |
| Transcribing agency |
DLC |
| Modifying agency |
DLC |
| 042 ## - AUTHENTICATION CODE |
| Authentication code |
lcode |
| 043 ## - GEOGRAPHIC AREA CODE |
| Geographic area code |
a-ja--- |
| -- |
ae----- |
| 050 00 - LIBRARY OF CONGRESS CALL NUMBER |
| Classification number |
JZ1745 |
| Item number |
.I68 2005 |
| 082 ## - DEWEY DECIMAL CLASSIFICATION NUMBER |
| Classification number |
355.03095 |
| 111 2# - MAIN ENTRY--MEETING NAME |
| Meeting name or jurisdiction name as entry element |
Asian Security Conference |
| Number of part/section/meeting |
(7th : |
| Date of meeting |
2005 : |
| Location of meeting |
New Delhi, India) |
| 245 10 - TITLE STATEMENT |
| Title |
Changing security dynamic in Eastern Asia : |
| Remainder of title |
focus on Japan / |
| Statement of responsibility, etc. |
editors, N.S. Sisodia, G.V.C. Naidu. |
| 260 ## - PUBLICATION, DISTRIBUTION, ETC. |
| Place of publication, distribution, etc. |
New Delhi : |
| Name of publisher, distributor, etc. |
Institute for Defence Studies and Analyses and Promilla & Co., Publishers in association with Bibliophile South Asia, |
| Date of publication, distribution, etc. |
2005. |
| 300 ## - PHYSICAL DESCRIPTION |
| Extent |
xxvi, 648 p. ; |
| Dimensions |
24 cm. |
| 504 ## - BIBLIOGRAPHY, ETC. NOTE |
| Bibliography, etc. note |
Includes bibliographical references and index. |
| 505 2# - FORMATTED CONTENTS NOTE |
| Formatted contents note |
Section I. Asia and the international security environment -- Section II. Strategic challenges and opportunities -- Section III. Japan's changing strategic and security profile -- Section IV. Regional perspectives on East Asian security -- Section V. Geo-economic transformation and energy compulsions. |
| 650 #0 - SUBJECT ADDED ENTRY--TOPICAL TERM |
| Topical term or geographic name entry element |
National security |
| Geographic subdivision |
Japan |
| Form subdivision |
Congresses. |
| 650 #0 - SUBJECT ADDED ENTRY--TOPICAL TERM |
| Topical term or geographic name entry element |
National security |
| Geographic subdivision |
East Asia |
| Form subdivision |
Congresses. |
| 651 #0 - SUBJECT ADDED ENTRY--GEOGRAPHIC NAME |
| Geographic name |
Japan |
| General subdivision |
Foreign relations |
| Chronological subdivision |
1989- |
| Form subdivision |
Congresses. |
| 651 #0 - SUBJECT ADDED ENTRY--GEOGRAPHIC NAME |
| Geographic name |
East Asia |
| General subdivision |
Foreign relations |
| Chronological subdivision |
21st century |
| Form subdivision |
Congresses. |
| 700 1# - ADDED ENTRY--PERSONAL NAME |
| Personal name |
Sisodia, N. S. |
| 700 1# - ADDED ENTRY--PERSONAL NAME |
| Personal name |
Naidu, G. V. C. |
| 710 2# - ADDED ENTRY--CORPORATE NAME |
| Corporate name or jurisdiction name as entry element |
Institute for Defence Studies and Analyses. |
| 906 ## - LOCAL DATA ELEMENT F, LDF (RLIN) |
| a |
7 |
| b |
cbc |
| c |
origode |
| d |
3 |
| e |
ncip |
| f |
20 |
| g |
y-gencatlg |
| 942 ## - ADDED ENTRY ELEMENTS (KOHA) |
| Source of classification or shelving scheme |
|
| Koha item type |
Book |